00000000nam##2200000za#4500
0019.577712
003CaOODSP
00520210624185737
007cr |||||||||||
008150406|1981||||xxc|||||o    f|0| 0 eng|d
022 |a1488-5379
040 |aCaOODSP|beng
043 |an-cn---
0861 |aFs97-6/1065E-PDF
1101 |aCanada. |bDepartment of Fisheries and Oceans.
24514|aThe herring (Clupea harengus harengus) gillnet fishery in the Southern Gulf of St. Lawrence, 1970-1979 / |h[electronic resource]|cby R.N.O'Boyle and L.Cleary.
260 |aDartmouth - Nova Scotia : |bFisheries and Oceans Canada |c1981.
300 |a96p.|breferences, tables
4901 |aCanadian technical report of fisheries and aquatic sciences|x1488-5379|vNo. 1065
500 |aOn t.p.: Bedford Institute of Oceanography, Dartmouth, Nova Scotia. The catalogue number and ISSN for the print edition appear in the PDF version.
546 |a(Résumé en français)
590 |a13-25-Supp|b2013-10-28
7201 |aCleary, L.
7201 |aO'Boyle, R.
830#0|aCanadian technical report of fisheries and aquatic sciences,|x1488-5379|vNo. 1065|w(CaOODSP)9.504449
85640|ahttp://publications.gc.ca|qPDF|s4776 KB|uhttps://publications.gc.ca/collections/collection_2013/mpo-dfo/Fs97-6-1065-eng.pdf|yNo. 1065